| 000 | 00784nam a2200253 4500 | ||
|---|---|---|---|
| 001 | 6078 | ||
| 010 | _a9789897071843 | ||
| 021 | _b365795/13 | ||
| 090 | _a6078 | ||
| 100 | _a20211231d2013 c||y0pory50030103ba | ||
| 200 | 1 |
_aA esperança de centopia _fcriado por Gerhard Hahn |
|
| 205 | _a1ª ed | ||
| 210 | 9 |
_aAmadora _cBooksmile _d2013 |
|
| 215 |
_a32 p. _cmuito il. _d23 cm |
||
| 225 | 2 |
_aMia and me. _iOs mundos de Mia _v2 |
|
| 606 |
_914 _aLiteratura infantil |
||
| 606 |
_913 _aLiteratura Estrangeira |
||
| 675 |
_a82-93 _vBN _zpor |
||
| 675 |
_a821.1/.8 _vBN _zpor |
||
| 700 |
_aHahn _bGerhard _f1946- _95785 |
||
| 801 | 0 |
_aPT _bBMVN _gRPC |
|
| 830 |
_cAna Caetano _d31/12/2021 |
||
| 856 | 4 | 1 | _uhttp://rnod.bnportugal.gov.pt/ImagesBN/winlibimg.aspx?skey=&doc=1867079&img=40131&save=true |
| 990 | _cLIVROS | ||